|
|
|
|
| LEADER |
01224nam a2200301 a 4500 |
| 001 |
31920 |
| 003 |
BD-DhAAL |
| 005 |
20211121143239.0 |
| 008 |
170705r20101991enk 000 1 eng c |
| 999 |
|
|
|c 38203
|d 38203
|
| 010 |
|
|
|a 91201559
|
| 020 |
|
|
|a 9780140156676
|
| 040 |
|
|
|a MH
|c MH
|d DLC
|d BD_DhAAL
|
| 082 |
0 |
0 |
|a 823.914
|2 20
|
| 100 |
1 |
|
|a Lively, Penelope,
|d 1933-
|9 21731
|
| 245 |
1 |
0 |
|a City of the mind /
|c Penelope Lively.
|
| 260 |
|
|
|a London :
|b Penguin books,
|c 1991.[2010]
|
| 300 |
|
|
|a 220 p. ;
|c 23 cm.
|
| 526 |
|
|
|a ENH
|
| 541 |
|
|
|d 31920, 31921
|
| 650 |
|
0 |
|a Architects
|x Fiction.
|9 21732
|
| 650 |
|
0 |
|a Identity (Psychology)
|v Fiction.
|9 21733
|
| 650 |
|
0 |
|a English literature.
|9 42907
|
| 651 |
|
0 |
|a London (England)
|x Fiction.
|9 21734
|
| 655 |
|
7 |
|a Psychological fiction.
|2 lcsh
|9 21735
|
| 942 |
|
|
|2 ddc
|c BK
|
| 952 |
|
|
|0 0
|1 0
|2 ddc
|4 0
|6 823_914000000000000_LIV
|7 0
|9 60889
|a BRACUL
|b BRACUL
|c FIC
|d 2017-07-05
|e Karim International
|g 800.00
|l 7
|m 56
|o 823.914 LIV
|p 3010031921
|r 2023-08-29
|s 2023-06-13
|t 2
|v 800.00
|w 2017-07-05
|y BK
|
| 952 |
|
|
|0 0
|1 0
|2 ddc
|4 0
|6 823_914000000000000_LIV
|7 0
|9 60890
|a BRACUL
|b BRACUL
|c FIC
|d 2017-07-05
|e Karim International
|g 800.00
|l 9
|m 24
|o 823.914 LIV
|p 3010031920
|r 2026-04-17
|s 2026-04-04
|t 1
|v 800.00
|w 2017-07-05
|y BK
|